000 00500nam a2200181Ia 4500
005 20220916101314.0
008 131103s9999 xx 000 0 und d
040 _aLoreto College
041 _aEnglish
082 _aF
_bCOE
100 _aCoelho,Paulo
245 4 _aThe Devil and Miss Prym
_cPaulo Coelho
260 _aNew Delhi
_bHarperCollins Publishers India a joint venture with The India Today
_c2003
300 _a201 p.
650 _aFiction in English
850 _aLCLIB
942 _cBK
999 _c16558
_d67037